| 000 | 00459nam a22001697a 4500 | ||
|---|---|---|---|
| 999 |
_c25383 _d25383 |
||
| 003 | BDDh-ASL | ||
| 005 | 20231015030502.0 | ||
| 008 | 210714s1994 bg ||||| |||| 00| 0 eng d | ||
| 040 |
_aBDDh-ASL _cBDDh-ASL |
||
| 082 |
_a301 _bCHA |
||
| 100 | 1 |
_94180 _aChowdhury, Shamima |
|
| 245 | 1 | 4 | _aThe Agony of Silence / |
| 260 |
_aDhaka: _bCentre for Sustainable Development, _c1994. |
||
| 300 |
_a62 p. : _c22 cm. |
||
| 650 | 0 |
_92503 _aSociety |
|
| 942 |
_2ddc _cBK |
||